000 01610nam a2200289 i 4500
001 9996
003 KOSZ 005
005 20180418134225.0
008 100415s2009 pl a |000 0 pol
015 _aPB 2010/15817
020 _a9788373651777
040 _aWA N
_cBPK
_dKOSZ 005/EG
080 _a621.01
080 _a(075.8)
100 1 _aDĄBROWSKI, Janusz.
_bPolitechnika Koszalińska - Wydział Budownictwa i Inżynierii Środowiska,
_cKatedra Techniki Wodno-Mułowej i Utylizacji Odpadów
_d1996 - .
245 1 0 _aPodstawy konstrukcji maszyn w inżynierii środowiska /
_cJanusz Dąbrowski, Tomasz Dąbrowski, Barbara Juraszka, Tadeusz Piecuch.
260 _aKoszalin :
_bWydaw. Uczelniane Politechniki Koszalińskiej,
_c2009.
300 _a213 s. :
_bil. ;
_c25 cm.
504 _aBibliogr. s. 175-178, 213.
650 0 _aMaszyny - budowa i konstrukcje.
655 0 _aPodręczniki akademickie.
700 1 _aDĄBROWSKI, Tomasz.
_bPolitechnika Koszalińska - Wydział Budownictwa i Inżynierii Środowiska,
_cKatedra Techniki Wodno-Mułowej i Utylizacji Odpadów
_d1997 - .
700 1 _aJURASZKA-KOŚCIELNIK, Barbara.
_bPolitechnika Koszalińska - Wydział Budownictwa i Inżynierii Środowiska,
_cKatedra Techniki Wodno-Mułowej i Utylizacji Odpadów
_d1999 - .
700 _aPIECUCH, Tadeusz.
_bPolitechnika Koszalińska - Wydział Budownictwa i Inżynierii Środowiska,
_cKatedra Techniki Wodno-Mułowej i Utylizacji Odpadów
_d1996 - .
856 _uhttp://koha.tu.koszalin.pl/cgi-bin/koha/opac-detail.pl?biblionumber=57654
_yKatalog online BPK
942 _2UKD
_cKS
999 _c9996
_d9996